000 01165nam a22003017a 4500
001 49113
003 BD-RjUL
005 20211209054633.0
008 160817s1982 bg ||||| |||| 00| 0 ben d
020 _c: TK 100.00
035 _a(BD-RjUL)49232
040 _aBD-RjUL
_bben
_cBD-RjUL
041 _aben
082 _223
_a591
_bSNA 1982
245 0 0 _aস্নাতক প্রাণিবিজ্ঞান /
260 _aঢাকা :
_bহাসান বুক,
_c১৯৮২
300 _a খণ্ড :
_bচিত্র ;
_c১৭ সেমি.
505 _aখণ্ড ২ কর্ডাটা --
650 _aপ্রাণিবিজ্ঞান
_9147711
650 _aZoology
_9147712
700 _aআমীন, মাহইমুদ-উল
_9147713
700 _aখান, আবদুল গফুর
_9147714
700 _aমোস্তফা, গোলাম
_9124144
700 _aরহমান, হাবিবুর
_9127138
700 _aরায়, শ্যামা প্রসাদ
_9147715
700 _aচন্দ্র, তেজেন্দ্র কুমার
_9147716
942 _2ddc
_cBK
999 _c49113
_d49113